书目信息 |
| 题名: |
浴血奋战:抗日英雄八路军
|
|
| 作者: | 刘家国 著 | |
| 分册: | ||
| 出版信息: | 桂林 广西师范大学出版社 1994.12 |
|
| 页数: | 384页 | |
| 开本: | 32开 | |
| 丛书名: | ||
| 单 册: | ||
| 中图分类: | K265.1 | |
| 科图分类: | ||
| 主题词: | 中国--历史 | |
| 电子资源: | ||
| ISBN: | 7-5633-1960-3 | |
| 000 | 00573nam0 2200193 45 | |
| 001 | 0102121088 | |
| 005 | 20010212103708.3 | |
| 010 | @a7-5633-1960-3@d17.60元 | |
| 100 | @a20010212d1994 km y0chiy0120 ea | |
| 101 | 0 | @achi |
| 105 | @a z 000yy | |
| 200 | 1 | @a浴血奋战:抗日英雄八路军@AYu Xue Fen Zhan:Kang Ri Ying Xiong Ba Lu Jun@f刘家国著@FLiu Jia Guo Zhu |
| 210 | @a桂林@c广西师范大学出版社@d1994.12 | |
| 215 | @a384页@d32开 | |
| 606 | 0 | @a中国@x历史 |
| 690 | @aK265.1@v3 | |
| 701 | 0 | @a刘家国@4著 |
| 801 | @aCN@bPftUser@c20010212 | |
| 905 | @b320741-745@dK265.1@eL269@f5 | |
| 浴血奋战:抗日英雄八路军/刘家国著.-桂林:广西师范大学出版社,1994.12 |
| 384页;32开 |
| ISBN 7-5633-1960-3:17.60元 |
| ● |
| 相关链接 |
|
|
|
正题名:浴血奋战:抗日英雄八路军
索取号:K265.1/L269
 
预约/预借
| 序号 | 登录号 | 条形码 | 馆藏地/架位号 | 状态 | 备注 |
| 1 | 320741 | 203207412 | 社科库309/309社科库 36排5列5层/ [索取号:K265.1/L269] | 在馆 | |
| 2 | 320742 | 203207421 | 社科库309/309社科库 36排5列5层/ [索取号:K265.1/L269] | 在馆 | |
| 3 | 320743 | 203207430 | 社科库309/309社科库 36排5列5层/ [索取号:K265.1/L269] | 在馆 | |
| 4 | 320744 | 203207449 | 社科库309/309社科库 36排5列5层/ [索取号:K265.1/L269] | 在馆 | |
| 5 | 320745 | 203207458 | 社科库309/309社科库 36排5列5层/ [索取号:K265.1/L269] | 在馆 |